UBT Library

OLD MEDICAL AND DENTAL INSTRUMENTS (Record no. 60007)

000 -LEADER
fixed length control field 00331nam a22001457a 4500
008 - FIXED-LENGTH DATA ELEMENTS--GENERAL INFORMATION
fixed length control field 230616b ||||| |||| 00| 0 eng d
020 ## - INTERNATIONAL STANDARD BOOK NUMBER
International Standard Book Number 9780747802570
041 ## - LANGUAGE CODE
Language code of text/sound track or separate title eng
080 ## - UNIVERSAL DECIMAL CLASSIFICATION NUMBER
Universal Decimal Classification number 616.31
082 ## - DEWEY DECIMAL CLASSIFICATION NUMBER
Classification number 616.31WAR
100 ## - Rafti
Rafti 12
101 ## - Shkurtesa
Shkurtesa STO
245 ## - TITLE STATEMENT
Title OLD MEDICAL AND DENTAL INSTRUMENTS
Statement of responsibility, etc WARREN.D
942 ## - ADDED ENTRY ELEMENTS (KOHA)
Source of classification or shelving scheme
Item type Books
Holdings
Withdrawn status Lost status Source of classification or shelving scheme Damaged status Not for loan Collection code Permanent location Current location Date acquired Total Checkouts Full call number Barcode Date last seen Price effective from Koha item type
          Koleksioni i përgjithshem UBT - Lipjan UBT - Lipjan 06/16/2023   616.31WAR 002-800080634 06/16/2023 06/16/2023 Books
UBT Library © 2015-2024. All rights reserved University Education for Business and Technology